[Event "XXI Torneo di Capodanno"]
[Site "Reggio nell'Emilia ITA"]
[Date "1978.12.30"]
[Round "4"]
[White "Bertok, Mario"]
[Black "Hess, Ralf Ernest"]
[Result "1/2-1/2"]
[WhiteElo "2415"]
[BlackElo "2285"]
[PlyCount "25"]
[EventDate "1978.12.27"]

1. c4 Nf6 2. Nc3 e6 3. d4 Bb4 4. e3 b6 5. Nge2 Ba6 6. a3 Bxc3+ 7. Nxc3 d5 8. b3
O-O 9. Be2 Nc6 10. cxd5 Bxe2 11. Nxe2 Qxd5 12. O-O Rad8 13. Qc2 1/2-1/2

[Event "XXI Torneo di Capodanno"]
[Site "Reggio nell'Emilia ITA"]
[Date "1978.12.30"]
[Round "4"]
[White "Taruffi, Daniele"]
[Black "Pederzoli, Sergio"]
[Result "1-0"]
[WhiteElo "2340"]
[BlackElo "2205"]
[PlyCount "67"]
[EventDate "1978.12.27"]

1. c4 f5 2. Nc3 Nf6 3. g3 g6 4. Bg2 Bg7 5. e3 O-O 6. Nge2 d6 7. O-O e5 8. d3
Nc6 9. Rb1 Kh8 10. f4 Re8 11. b4 exf4 12. gxf4 Ng4 13. Rf3 Be6 14. Rg3 Qh4 15.
h3 Bxc3 16. hxg4 fxg4 17. Nxc3 Qxg3 18. Ne4 Qh4 19. Bb2+ Kg8 20. Qd2 Kf7 21.
Qc3 Rg8 22. Ng5+ Ke8 23. Nxe6 Kd7 24. Nd4 Rae8 25. Nxc6 bxc6 26. Qd2 g3 27. Be4
d5 28. cxd5 cxd5 29. Bxd5 Rxe3 30. Qxe3 Qh2+ 31. Kf1 Re8 32. Bc6+ Kxc6 33.
Qxe8+ Kb7 34. Qe4+ 1-0

[Event "XXI Torneo di Capodanno"]
[Site "Reggio nell'Emilia ITA"]
[Date "1978.12.31"]
[Round "5"]
[White "Pederzoli, Sergio"]
[Black "Zichichi, Alvise"]
[Result "0-1"]
[WhiteElo "2205"]
[BlackElo "2360"]
[PlyCount "92"]
[EventDate "1978.12.27"]

1. d4 g6 2. c4 Bg7 3. Nc3 d6 4. Nf3 Nd7 5. e4 e5 6. Be3 Ngf6 7. dxe5 dxe5 8.
Qa4 O-O 9. Rd1 c6 10. Qa3 Qc7 11. h3 Nh5 12. g3 Re8 13. Bg2 Bf8 14. c5 b6 15.
b4 a5 16. O-O Ba6 17. Na4 bxc5 18. bxc5 Rab8 19. Rfe1 Ng7 20. h4 Bb5 21. Bh3
Ne6 22. Bxe6 Rxe6 23. Ng5 Rf6 24. Nc3 Qa7 25. Nxb5 Rxb5 26. Qc1 h6 27. Nh3 Kh7
28. Qc3 Re6 29. a4 Rb4 30. Qc2 Re8 31. h5 gxh5 32. Qe2 Nf6 33. Qf3 Re6 34. Qf5+
Kg7 35. Rd8 Rb8 36. Red1 Rxd8 37. Rxd8 Qe7 38. Ra8 Ng4 39. Rxa5 Nxe3 40. fxe3
Qc7 41. Ra8 Bxc5 42. Qxh5 Qb7 43. Rd8 Qb1+ 44. Rd1 Bxe3+ 45. Kf1 Qxe4 46. g4
Rf6+ 0-1

[Event "XXI Torneo di Capodanno"]
[Site "Reggio nell'Emilia ITA"]
[Date "1979.01.01"]
[Round "6"]
[White "Goldenberg, Richard"]
[Black "Bertok, Mario"]
[Result "1/2-1/2"]
[WhiteElo "2300"]
[BlackElo "2415"]
[PlyCount "87"]
[EventDate "1978.12.27"]

1. Nf3 Nf6 2. c4 g6 3. Nc3 Bg7 4. g3 c5 5. d4 Nc6 6. Bg2 O-O 7. O-O d6 8. dxc5
dxc5 9. Be3 Qa5 10. Qa4 Qxa4 11. Nxa4 b6 12. Rad1 Ba6 13. b3 Rad8 14. h3 h6 15.
Nc3 e5 16. Bc1 Rfe8 17. Nd2 Bb7 18. Nde4 Nxe4 19. Bxe4 f5 20. Bd5+ Kh7 21. e4
Re7 22. f3 Nd4 23. Bxb7 Rxb7 24. Kg2 Rf7 25. Be3 Rdf8 26. Bxd4 exd4 27. Nd5
fxe4 28. fxe4 Be5 29. Rxf7+ Rxf7 30. a4 h5 31. Rd3 Kg7 32. Rf3 Rb7 33. h4 a6
34. Kh3 b5 35. cxb5 axb5 36. axb5 Rxb5 37. g4 d3 38. Rxd3 c4 39. bxc4 Rb2 40.
Rg3 Bxg3 41. Kxg3 Rc2 42. gxh5 gxh5 43. Ne3 Rc3 44. Kf4 1/2-1/2

[Event "XXI Torneo di Capodanno"]
[Site "Reggio nell'Emilia ITA"]
[Date "1979.01.06"]
[Round "11"]
[White "Zichichi, Alvise"]
[Black "Nikolic, Stanimir"]
[Result "1/2-1/2"]
[WhiteElo "2360"]
[BlackElo "2350"]
[PlyCount "104"]
[EventDate "1978.12.27"]

1. Nf3 d5 2. c4 d4 3. e3 Nc6 4. b4 dxe3 5. fxe3 Nxb4 6. d4 e5 7. a3 e4 8. Nfd2
Nd3+ 9. Bxd3 exd3 10. O-O Nf6 11. Nc3 Bd6 12. Nf3 c5 13. Qxd3 O-O 14. d5 Re8
15. Bb2 Ng4 16. Rae1 a6 17. Ne4 f6 18. Nxd6 Qxd6 19. e4 Bd7 20. h3 Ne5 21. Nxe5
fxe5 22. Qg3 b5 23. Rf3 bxc4 24. Ref1 Qg6 25. Bxe5 Qxg3 26. Bxg3 Rxe4 27. Rf7
Bb5 28. Rc7 Rf8 29. Rxf8+ Kxf8 30. Bd6+ Ke8 31. Bxc5 Re1+ 32. Kf2 Rd1 33. d6
Rd2+ 34. Kf3 Bd7 35. Bb4 Rd4 36. Ke3 Rd3+ 37. Kf2 a5 38. Bxa5 Rxa3 39. Bd2 Ra2
40. Ke3 Rc2 41. h4 h5 42. g3 g6 43. Bb4 Rb2 44. Rxc4 Be6 45. Rd4 Kd7 46. Bd2
Rb5 47. Kf3 Bd5+ 48. Kf4 Kxd6 49. Kg5 Rb6 50. Be3 Rb3 51. Bf4+ Kc5 52. Rd2 Be4
1/2-1/2